Kala sangam: Khand 1 (Record no. 128300)
[ view plain ]
| 000 -LEADER | |
|---|---|
| fixed length control field | 00804nam a2200205Ia 4500 |
| 003 - CONTROL NUMBER IDENTIFIER | |
| control field | OSt |
| 005 - DATE AND TIME OF LATEST TRANSACTION | |
| control field | 20230405145222.0 |
| 008 - FIXED-LENGTH DATA ELEMENTS--GENERAL INFORMATION | |
| fixed length control field | 210210b2019 xxu||||| |||| 00| 0 eng d |
| 040 ## - CATALOGING SOURCE | |
| Transcribing agency | AL |
| 041 ## - LANGUAGE CODE | |
| Language code of text/sound track or separate title | Hindi |
| 082 ## - DEWEY DECIMAL CLASSIFICATION NUMBER | |
| Classification number | 780.1 DESK |
| 100 ## - MAIN ENTRY--PERSONAL NAME | |
| Personal name | DESHPANDE (Ajay) |
| 9 (RLIN) | 83444 |
| 245 ## - TITLE STATEMENT | |
| Title | Kala sangam: Khand 1 |
| Remainder of title | Hindustani shastriy sangith aur hindi cinema ka sunhara tana bana kalakhand 1920-60 |
| Statement of responsibility, etc. | कला संगम: खंड १ : हिंदुस्तानी शास्त्रीय संगीत और हिंदी सिनेमा का सुनहरा ताना बाना कालखंड १९२०-६० |
| 260 ## - PUBLICATION, DISTRIBUTION, ETC. | |
| Place of publication, distribution, etc. | Nagpur |
| Name of publisher, distributor, etc. | Saee Deshpande |
| Date of publication, distribution, etc. | 2019 |
| 300 ## - PHYSICAL DESCRIPTION | |
| Extent | 388 |
| 440 ## - SERIES STATEMENT/ADDED ENTRY--TITLE | |
| Title | 1 |
| 9 (RLIN) | 83445 |
| 690 ## - LOCAL SUBJECT ADDED ENTRY--TOPICAL TERM (OCLC, RLIN) | |
| Topical term or geographic name as entry element | Music |
| 9 (RLIN) | 83463 |
| 906 ## - LOCAL DATA ELEMENT F, LDF (RLIN) | |
| a | 074516 |
| 942 ## - ADDED ENTRY ELEMENTS (KOHA) | |
| Source of classification or shelving scheme | Dewey Decimal Classification |
| Koha item type | Book |
| Withdrawn status | Lost status | Source of classification or shelving scheme | Damaged status | Not for loan | Collection code | Home library | Current library | Date acquired | Source of acquisition | Cost, normal purchase price | Total Checkouts | Full call number | Barcode | Date last seen | Price effective from | Koha item type |
|---|---|---|---|---|---|---|---|---|---|---|---|---|---|---|---|---|
| Dewey Decimal Classification | General | St Aloysius Library | St Aloysius Library | 02/17/2021 | Saee Deshpande, Gandhinagar, Nagpur-440010 | 1850.00 | 780.1 DESK | 074517 | 02/17/2021 | 02/17/2021 | Book | |||||
| Dewey Decimal Classification | General | St Aloysius Library | St Aloysius Library | 02/17/2021 | Saee Deshpande, Gandhinagar, Nagpur-440010 | 1850.00 | 780.1 DESK | 074516 | 02/17/2021 | 02/17/2021 | Book |